000 00399 a2200157 4500
001 67890
020 _a9788539005963
040 _cAnchieta - Pituba
100 _aIoschpe, Gustavo
240 1 0 _aO que o Brasil quer ser quando crescer?
_lpor
245 1 0 _aO que o Brasil quer ser quando crescer?
300 _a254
362 0 _a2014
650 4 _aHistória da Educação Brasielira
942 _cBK
999 _c67890
_d67890